[Event "FIN-chT 1819"]
[Site "Finland"]
[Date "2019.04.06"]
[Round "10.1"]
[White "Rakhmanov, Alexander"]
[Black "Dokutchaev, Aleksander"]
[Result "1/2-1/2"]
[WhiteElo "2647"]
[BlackElo "2402"]
[PlyCount "39"]
[EventDate "2018.09.15"]
[EventType "team-tourn"]
[EventRounds "11"]
[EventCountry "FIN"]
[SourceTitle "CBM 189 Extra"]
[Source "ChessBase"]
[SourceDate "2019.06.03"]
[SourceVersion "1"]
[SourceVersionDate "2019.06.03"]
[SourceQuality "1"]
[WhiteTeam "Kotka KymS"]
[BlackTeam "Joensuu SK"]
[WhiteTeamCountry "FIN"]
[BlackTeamCountry "FIN"]

1. Nf3 d5 2. g3 c6 3. c4 dxc4 4. Bg2 Nd7 5. Na3 e5 6. Qc2 Bxa3 7. bxa3 Ngf6 8. Qxc4 0-0 9. 0-0 Re8 10. d3 e4 11. dxe4 Rxe4 12. Qd3 Qe7 13. Nd4 Ne5 14. Qd1 c5 15. Nb5 Bd7 16. Bg5 Rg4 17. Bxf6 Qxf6 18. Nc7 Rd4 19. Qc1 Rc8 20. Nd5 1/2-1/2

[Event "FIN-chT1B 1718"]
[Site "Finland"]
[Date "2017.09.16"]
[Round "1.1"]
[White "Gorlov, Daniil"]
[Black "Dokutchaev, Aleksander"]
[Result "0-1"]
[WhiteElo "2243"]
[BlackElo "2404"]
[PlyCount "102"]
[EventDate "2017.09.16"]
[EventType "team-tourn"]
[EventRounds "7"]
[EventCountry "FIN"]
[SourceTitle "EXT 2020"]
[Source "ChessBase"]
[SourceDate "2019.10.17"]
[SourceVersion "1"]
[SourceVersionDate "2019.10.17"]
[SourceQuality "1"]
[WhiteTeam "Lahti S"]
[BlackTeam "Joensuu SK"]
[WhiteTeamCountry "FIN"]
[BlackTeamCountry "FIN"]

1. Nf3 d5 2. d4 Nf6 3. c4 dxc4 4. Nc3 c6 5. a4 e6 6. e3 c5 7. Bxc4 Nc6 8. 0-0 Be7 9. Re1 0-0 10. dxc5 Bxc5 11. Qe2 Qc7 12. e4 Ng4 13. Nb5 Qb8 14. Be3 Nxe3 15. fxe3 Ne5 16. Rac1 b6 17. Nfd4 Bb7 18. Bd3 a6 19. Nc3 Qd6 20. Bb1 Bxd4 21. Red1 Ng4 22. Qxg4 Bxe3+ 23. Kh1 Qf4 24. Qxf4 Bxf4 25. Rc2 Rfd8 26. Re1 Be5 27. Rf2 Rd7 28. Nd1 Rad8 29. Ne3 Bd4 30. Rf3 Bxb2 31. Nc4 Bd4 32. Rb3 Bc6 33. Nb2 Bxb2 34. Rxb2 Bxa4 35. Rxb6 Bb5 36. Rg1 g6 37. e5 Rd5 38. Be4 Rxe5 39. Bf3 Rc5 40. h3 Rdc8 41. Kh2 Rc1 42. Bb7 Rxg1 43. Bxc8 Ra1 44. Kg3 Kg7 45. Kf4 Kf6 46. h4 Ra4+ 47. Kg3 Ra3+ 48. Kf4 h6 49. g4 g5+ 50. hxg5+ hxg5+ 51. Ke4 Rg3 0-1

[Event "FIN-chT 1516"]
[Site "Finland"]
[Date "2015.09.13"]
[Round "2.1"]
[White "Dokutchaev, Aleksander"]
[Black "Kulaots, Kaido"]
[Result "1/2-1/2"]
[WhiteElo "2414"]
[BlackElo "2566"]
[PlyCount "45"]
[EventDate "2015.09.12"]
[EventType "team-tourn"]
[EventRounds "11"]
[EventCountry "FIN"]
[SourceTitle "EXT 2016"]
[Source "ChessBase"]
[SourceDate "2015.10.08"]
[SourceVersion "1"]
[SourceVersionDate "2015.10.08"]
[SourceQuality "1"]
[WhiteTeam "Jyvaskyla JyS"]
[BlackTeam "Salo SalSK"]
[WhiteTeamCountry "FIN"]
[BlackTeamCountry "FIN"]

1. d4 g6 2. Nf3 Bg7 3. e4 d6 4. c3 Nf6 5. Bd3 0-0 6. 0-0 Nc6 7. Nbd2 e5 8. dxe5 Nxe5 9. Nxe5 dxe5 10. Nc4 Nh5 11. g3 a5 12. a4 b6 13. Qe2 Bg4 14. f3 Bd7 15. Rd1 Qe7 16. Ne3 Nf6 17. b3 Rfd8 18. Ba3 Qe8 19. Bb5 c6 20. Bd3 Bf8 21. Bxf8 Qxf8 22. Nc4 Be6 23. Qe3 1/2-1/2

[Event "Savonlinna We SavSK"]
[Site "Savonlinna"]
[Date "2015.09.05"]
[Round "3"]
[White "Dokutchaev, Aleksander"]
[Black "Ronka, Erik"]
[Result "1/2-1/2"]
[WhiteElo "2437"]
[BlackElo "2275"]
[PlyCount "28"]
[EventDate "2015.09.05"]
[EventType "swiss"]
[EventRounds "5"]
[EventCountry "FIN"]
[SourceTitle "EXT 2022"]
[Source "ChessBase"]
[SourceDate "2021.10.06"]
[SourceVersion "1"]
[SourceVersionDate "2021.10.06"]
[SourceQuality "1"]

1. d4 Nf6 2. Nf3 g6 3. g3 Bg7 4. Bg2 0-0 5. c4 d6 6. 0-0 c6 7. Nc3 Qa5 8. e4 e5 9. h3 Nbd7 10. Be3 Nb6 11. Qd3 exd4 12. Nxd4 Qa6 13. b3 d5 14. exd5 Nfxd5 1/2-1/2

[Event "Savonlinna We SavSK"]
[Site "Savonlinna"]
[Date "2015.09.05"]
[Round "1"]
[White "Dokutchaev, Aleksander"]
[Black "Sergeev, Alexey B"]
[Result "1-0"]
[WhiteElo "2437"]
[BlackElo "2018"]
[PlyCount "45"]
[EventDate "2015.09.05"]
[EventType "swiss"]
[EventRounds "5"]
[EventCountry "FIN"]
[SourceTitle "EXT 2022"]
[Source "ChessBase"]
[SourceDate "2021.10.06"]
[SourceVersion "1"]
[SourceVersionDate "2021.10.06"]
[SourceQuality "1"]

1. d4 d6 2. Nf3 Bg4 3. e4 Nc6 4. Be3 Nf6 5. Nc3 e5 6. Bb5 exd4 7. Qxd4 a6 8. Bxc6+ bxc6 9. e5 c5 10. Qf4 dxe5 11. Nxe5 Bd6 12. Qa4+ Bd7 13. Nxd7 Nxd7 14. Qe4+ Kf8 15. 0-0-0 Rb8 16. Bf4 Nf6 17. Qc4 Rb6 18. Bxd6+ cxd6 19. Qxc5 h5 20. Na4 Nd7 21. Rxd6 Rxd6 22. Qxd6+ Qe7 23. Rd1 1-0

[Event "Mikkeli We MikkSk"]
[Site "Mikkeli"]
[Date "2015.04.12"]
[Round "4"]
[White "Dokutchaev, Aleksander"]
[Black "Lehtosaari, Mauri"]
[Result "1/2-1/2"]
[WhiteElo "2414"]
[BlackElo "2184"]
[PlyCount "71"]
[EventDate "2015.04.11"]
[EventType "swiss"]
[EventRounds "5"]
[EventCountry "FIN"]
[SourceTitle "EXT 2022"]
[Source "ChessBase"]
[SourceDate "2021.10.06"]
[SourceVersion "1"]
[SourceVersionDate "2021.10.06"]
[SourceQuality "1"]

1. Nf3 d5 2. e3 Nf6 3. c4 c6 4. Nc3 e6 5. b3 Be7 6. Bb2 0-0 7. d4 Nbd7 8. Bd3 b6 9. 0-0 Bb7 10. Qe2 Rc8 11. Rad1 Qc7 12. Ne5 Nxe5 13. dxe5 Nd7 14. f4 f5 15. exf6 Nxf6 16. Qf3 Rce8 17. e4 d4 18. Ne2 c5 19. Ng3 Rf7 20. Qe2 Nd7 21. Bc1 Nf8 22. Rde1 Bh4 23. Qg4 Bxg3 24. Qxg3 e5 25. f5 Qd6 26. Qh4 h6 27. g4 Nh7 28. Qg3 Ref8 29. h4 g5 30. Rf2 Rg7 31. Rh2 Qf6 32. Kf2 gxh4 33. Rxh4 Ng5 34. Qh2 Rh7 35. Rh5 Rff7 36. Qg3 1/2-1/2

[Event "FIN-chT 1415"]
[Site "Finland"]
[Date "2014.10.18"]
[Round "3.2"]
[White "Dokutchaev, Aleksander"]
[Black "Miezis, Normunds"]
[Result "1/2-1/2"]
[WhiteElo "2413"]
[BlackElo "2511"]
[PlyCount "47"]
[EventDate "2014.09.27"]
[EventType "team-tourn"]
[EventRounds "11"]
[EventCountry "FIN"]
[SourceTitle "EXT 2016"]
[Source "ChessBase"]
[SourceDate "2015.10.08"]
[SourceVersion "1"]
[SourceVersionDate "2015.10.08"]
[SourceQuality "1"]
[WhiteTeam "Jyvaskyla JyS"]
[BlackTeam "Helsinki Aatos"]
[WhiteTeamCountry "FIN"]
[BlackTeamCountry "FIN"]

1. d4 e6 2. Nf3 Nf6 3. e3 b6 4. Bd3 Bb7 5. 0-0 Be7 6. c4 0-0 7. Nc3 d5 8. cxd5 exd5 9. b3 c5 10. Bb2 cxd4 11. Nxd4 g6 12. Qe2 Nbd7 13. Rfd1 Nc5 14. Bb5 Rc8 15. b4 Ne6 16. a3 Bd6 17. Nf3 Qe7 18. Ba6 Rfd8 19. Bxb7 Qxb7 20. Nb5 Be7 21. Rac1 Rxc1 22. Rxc1 a5 23. Nbd4 Rc8 24. Rxc8+ 1/2-1/2

[Event "FIN-chT 1415"]
[Site "Finland"]
[Date "2014.09.28"]
[Round "2.2"]
[White "Pohjala, Henri"]
[Black "Dokutchaev, Aleksander"]
[Result "1/2-1/2"]
[WhiteElo "2409"]
[BlackElo "2413"]
[PlyCount "40"]
[EventDate "2014.09.27"]
[EventType "team-tourn"]
[EventRounds "11"]
[EventCountry "FIN"]
[SourceTitle "CBM 162 Extra"]
[Source "ChessBase"]
[SourceDate "2014.10.17"]
[SourceVersion "1"]
[SourceVersionDate "2014.10.17"]
[SourceQuality "1"]
[WhiteTeam "Tampere Tammer"]
[BlackTeam "Jyvaskyla JyS"]
[WhiteTeamCountry "FIN"]
[BlackTeamCountry "FIN"]

1. d4 e6 2. Nf3 c5 3. g3 Nc6 4. Bg2 d5 5. 0-0 Nf6 6. b3 cxd4 7. Nxd4 Bd7 8. c4 Bc5 9. Nxc6 Bxc6 10. cxd5 Bxd5 11. Bxd5 Qxd5 12. Qxd5 Nxd5 13. Bb2 0-0 14. Rc1 Rfc8 15. a3 Bb6 16. Nd2 Ne3 17. Nf3 Nf5 18. Kf1 f6 19. e3 e5 20. Ke2 Nd6 1/2-1/2

[Event "Lappeenranta We LprSK"]
[Site "Lappeenranta"]
[Date "2014.06.15"]
[Round "5"]
[White "Vilppolainen, Markku"]
[Black "Dokutchaev, Aleksander"]
[Result "0-1"]
[WhiteElo "1986"]
[BlackElo "2420"]
[PlyCount "60"]
[EventDate "2014.06.14"]
[EventType "swiss"]
[EventRounds "5"]
[EventCountry "FIN"]
[SourceTitle "EXT 2022"]
[Source "ChessBase"]
[SourceDate "2021.10.06"]
[SourceVersion "1"]
[SourceVersionDate "2021.10.06"]
[SourceQuality "1"]

1. e4 e5 2. Nf3 Nc6 3. Nc3 Nf6 4. g3 Bb4 5. Bg2 Bxc3 6. dxc3 d6 7. Qe2 h6 8. h3 Be6 9. b3 Qd7 10. Bb2 Nh7 11. 0-0-0 0-0-0 12. c4 Qe7 13. Qe1 Rhf8 14. Kb1 Nf6 15. Nd2 Nd7 16. Nf1 f5 17. exf5 Bxf5 18. Ne3 Bh7 19. Bxc6 bxc6 20. Qa5 Kb7 21. c5 Nxc5 22. b4 Ne6 23. b5 Qe8 24. a4 Rxf2 25. Ba3 Nd4 26. Rd2 Rxd2 27. Qxd2 cxb5 28. Ka1 Qc6 29. Rb1 a6 30. Rb2 Rf8 0-1

[Event "Lappeenranta We LprSK"]
[Site "Lappeenranta"]
[Date "2014.06.14"]
[Round "2"]
[White "Dokutchaev, Aleksander"]
[Black "Tuominen, Joona"]
[Result "1-0"]
[WhiteElo "2420"]
[BlackElo "1856"]
[PlyCount "53"]
[EventDate "2014.06.14"]
[EventType "swiss"]
[EventRounds "5"]
[EventCountry "FIN"]
[SourceTitle "EXT 2022"]
[Source "ChessBase"]
[SourceDate "2021.10.06"]
[SourceVersion "1"]
[SourceVersionDate "2021.10.06"]
[SourceQuality "1"]

1. d4 Nc6 2. Nf3 d5 3. Bf4 Bg4 4. e3 e6 5. c4 Bd6 6. Bg3 Bxg3 7. hxg3 Nf6 8. Nc3 Qd6 9. c5 Qd7 10. Bb5 0-0 11. Qd2 Bxf3 12. gxf3 Rfe8 13. 0-0-0 a6 14. Ba4 e5 15. dxe5 Rxe5 16. f4 Ne4 17. Qc2 Nxc3 18. fxe5 Nxa4 19. Qxh7+ Kf8 20. Qh8+ Ke7 21. Qh4+ Ke6 22. Qg4+ Ke7 23. Qg5+ Ke6 24. Rh6+ f6 25. Rxf6+ Ke7 26. Qxg7+ Ke8 27. Rf8# 1-0

[Event "Lappeenranta We LprSK"]
[Site "Lappeenranta"]
[Date "2014.06.14"]
[Round "3"]
[White "Keinanen, Toivo"]
[Black "Dokutchaev, Aleksander"]
[Result "1/2-1/2"]
[WhiteElo "1670"]
[BlackElo "2420"]
[PlyCount "75"]
[EventDate "2014.06.14"]
[EventType "swiss"]
[EventRounds "5"]
[EventCountry "FIN"]
[SourceTitle "EXT 2022"]
[Source "ChessBase"]
[SourceDate "2021.10.06"]
[SourceVersion "1"]
[SourceVersionDate "2021.10.06"]
[SourceQuality "1"]

1. e4 e5 2. Bc4 Nc6 3. Nf3 Bc5 4. c3 Nf6 5. d3 0-0 6. Bg5 h6 7. Bh4 Be7 8. Bb3 d6 9. Nbd2 Be6 10. 0-0 Nh5 11. Bxe7 Qxe7 12. Bxe6 fxe6 13. d4 Nf4 14. dxe5 Nxe5 15. Nxe5 dxe5 16. g3 Nd3 17. Qc2 Rad8 18. Rad1 Qc5 19. Nb3 Qc4 20. Qe2 Qa6 21. a3 Qb5 22. Qc2 Nxf2 23. c4 Nxd1 24. Rxf8+ Rxf8 25. cxb5 Rf1+ 26. Kxf1 Ne3+ 27. Kf2 Nxc2 28. Nc5 Nd4 29. Nxb7 Nxb5 30. Ke3 Kf7 31. Kd3 Ke7 32. Kc4 Nd6+ 33. Nxd6 cxd6 34. b4 Kd7 35. a4 a6 36. h4 h5 37. Kd3 d5 38. Ke3 1/2-1/2

[Event "Karelia-ch"]
[Site "Petrozavodsk"]
[Date "2014.02.23"]
[Round "9"]
[White "Yachmenev, Mikhail A"]
[Black "Dokutchaev, Aleksander"]
[Result "0-1"]
[WhiteElo "2191"]
[BlackElo "2420"]
[PlyCount "108"]
[EventDate "2014.02.18"]
[EventType "swiss"]
[EventRounds "9"]
[EventCountry "RUS"]
[SourceTitle "EXT 2016"]
[Source "ChessBase"]
[SourceDate "2015.10.08"]
[SourceVersion "1"]
[SourceVersionDate "2015.10.08"]
[SourceQuality "1"]

1. e4 e6 2. d3 d5 3. Qe2 dxe4 4. dxe4 e5 5. Nf3 Nd7 6. c3 Ngf6 7. Qc2 c6 8. Be2 a5 9. 0-0 Bc5 10. Nbd2 0-0 11. Rb1 Qe7 12. Nc4 Re8 13. Bd2 b5 14. Ne3 Bxe3 15. Bxe3 Nc5 16. Nd2 Ng4 17. Bxc5 Qxc5 18. c4 b4 19. Nb3 Qe7 20. c5 Qh4 21. h3 Nf6 22. Rfe1 Qg5 23. Qc1 Qg6 24. Qe3 Be6 25. Rbd1 Qxe4 26. Qxe4 Nxe4 27. Bf3 f5 28. Bxe4 fxe4 29. Rxe4 Bd5 30. Re3 a4 31. Nc1 e4 32. a3 Reb8 33. Rd2 Ra5 34. Ne2 Rxc5 35. axb4 Rxb4 36. Nc3 Rbc4 37. Rc2 Rd4 38. Kf1 Bc4+ 39. Ke1 Bd3 40. Rc1 Rb4 41. Ra1 Rcc4 42. Ra2 Rd4 43. g3 g5 44. f3 exf3 45. Rxf3 Bb5 46. Re3 Kf7 47. Nd1 Re4 48. Raa3 Rbd4 49. Nf2 Re6 50. Rac3 h5 51. Rxe6 Kxe6 52. Rc5 Rd5 53. Rc3 Re5+ 54. Kd1 Kd5 0-1

[Event "Karelia-ch"]
[Site "Petrozavodsk"]
[Date "2014.02.22"]
[Round "7"]
[White "Dokutchaev, Aleksander"]
[Black "Nasonov, Vadim"]
[Result "1-0"]
[WhiteElo "2420"]
[BlackElo "2139"]
[PlyCount "49"]
[EventDate "2014.02.18"]
[EventType "swiss"]
[EventRounds "9"]
[EventCountry "RUS"]
[SourceTitle "EXT 2016"]
[Source "ChessBase"]
[SourceDate "2015.10.08"]
[SourceVersion "1"]
[SourceVersionDate "2015.10.08"]
[SourceQuality "1"]

1. d4 d5 2. Nf3 Nf6 3. c4 e6 4. Nc3 Be7 5. Bf4 Ne4 6. e3 Nxc3 7. bxc3 0-0 8. cxd5 exd5 9. Bd3 c5 10. Ne5 Nd7 11. 0-0 Nxe5 12. Bxe5 Bd6 13. f4 Be7 14. Qh5 h6 15. Rf3 Bh4 16. dxc5 Bf6 17. Rg3 Bxe5 18. Qxh6 f5 19. fxe5 Qe7 20. Qd6 Rf7 21. Rf1 Be6 22. Rg6 Re8 23. Bb5 Bd7 24. Bxd7 Qxd7 25. e6 1-0

[Event "Mikkeli We MikkSK MikkSK 70"]
[Site "Mikkeli"]
[Date "2014.??.??"]
[Round "2"]
[White "Dokutchaev, Aleksander"]
[Black "Aijala, Jouko"]
[Result "1-0"]
[WhiteElo "2420"]
[BlackElo "2088"]
[PlyCount "101"]
[EventDate "2014.??.??"]
[EventType "swiss"]
[EventRounds "5"]
[EventCountry "FIN"]
[SourceTitle "EXT 2022"]
[Source "ChessBase"]
[SourceDate "2021.10.06"]
[SourceVersion "1"]
[SourceVersionDate "2021.10.06"]
[SourceQuality "1"]

1. d4 d5 2. Nf3 e6 3. c4 c5 4. cxd5 exd5 5. g3 Nc6 6. Bg2 Nf6 7. 0-0 Be7 8. dxc5 Bxc5 9. Qc2 Be7 10. Rd1 0-0 11. Nc3 Qa5 12. Be3 Rd8 13. Nd4 Nxd4 14. Bxd4 Be6 15. Qa4 Qxa4 16. Nxa4 b6 17. Rac1 Rac8 18. Rxc8 Rxc8 19. Nc3 Rd8 20. Bxf6 Bxf6 21. Nxd5 Kf8 22. b3 Bb2 23. Bf3 Bxd5 24. Bxd5 Ke7 25. Rd3 Rd7 26. Re3+ Kd6 27. Bc4 Re7 28. Rd3+ Kc7 29. e3 f6 30. Bb5 Ba3 31. Kg2 Re5 32. Rd7+ Kc8 33. Rxa7 Bb4 34. a4 Re7 35. Rxe7 Bxe7 36. Kf3 Kc7 37. Ke4 Kd6 38. Kd4 f5 39. b4 Bd8 40. Kc4 g5 41. f4 gxf4 42. exf4 Bf6 43. Be8 Bb2 44. Bf7 Bc1 45. Bg8 h5 46. Bh7 Ke6 47. a5 bxa5 48. bxa5 h4 49. a6 Be3 50. gxh4 Ba7 51. h5 1-0

[Event "Mikkeli We MikkSK MikkSK 70"]
[Site "Mikkeli"]
[Date "2014.??.??"]
[Round "4"]
[White "Dokutchaev, Aleksander"]
[Black "Sipila, Vilka"]
[Result "1/2-1/2"]
[WhiteElo "2420"]
[BlackElo "2456"]
[PlyCount "58"]
[EventDate "2014.??.??"]
[EventType "swiss"]
[EventRounds "5"]
[EventCountry "FIN"]
[SourceTitle "EXT 2022"]
[Source "ChessBase"]
[SourceDate "2021.10.06"]
[SourceVersion "1"]
[SourceVersionDate "2021.10.06"]
[SourceQuality "1"]

1. d4 Nf6 2. Nf3 g6 3. g3 Bg7 4. Bg2 0-0 5. c4 c6 6. Nc3 d5 7. cxd5 cxd5 8. Ne5 Nc6 9. 0-0 Bf5 10. Nxc6 bxc6 11. Na4 Nd7 12. b3 e5 13. dxe5 Bxe5 14. Bh6 Re8 15. Rc1 Rc8 16. Qd2 Bd6 17. Bg5 f6 18. Rxc6 Rxc6 19. Bxd5+ Re6 20. Bxc6 fxg5 21. Bd5 Nf8 22. Rd1 Be7 23. Bxe6+ Nxe6 24. Qd7 Kf7 25. Nc3 Qc7 26. Nb5 Qc2 27. Nd6+ Kf6 28. Ne8+ Kf7 29. Nd6+ Kf6 1/2-1/2